[Event "HUN-chT2 Asztalos 1516"]
[Site "Hungary"]
[Date "2016.04.03"]
[Round "10.12"]
[White "Papp, Abel"]
[Black "Ignacz, Laszlo"]
[Result "1/2-1/2"]
[WhiteElo "1359"]
[BlackElo "1801"]
[PlyCount "149"]
[EventDate "2015.09.13"]
[EventType "team-tourn"]
[EventRounds "11"]
[EventCountry "HUN"]
[SourceTitle "EXT 2017"]
[Source "ChessBase"]
[SourceDate "2016.10.25"]
[SourceVersion "1"]
[SourceVersionDate "2016.10.25"]
[SourceQuality "1"]
[WhiteTeam "Szentlorinc"]
[BlackTeam "Komlo Banyasz"]
[WhiteTeamCountry "HUN"]
[BlackTeamCountry "HUN"]

1. e4 c5 2. Nf3 d6 3. d4 cxd4 4. Nxd4 Nf6 5. Nc3 Nc6 6. Bb5 Bd7 7. Nxc6 bxc6 8. Bd3 e5 9. 0-0 Be7 10. Be3 d5 11. exd5 cxd5 12. Bg5 d4 13. Ne4 Nxe4 14. Bxe7 Nxf2 15. Qf3 Kxe7 16. Rxf2 Be6 17. Qb7+ Qd7 18. Qb4+ Qd6 19. Qb7+ Qd7 20. Qb4+ Kd8 21. Re1 Qc7 22. b3 f6 23. Qd2 Ke7 24. Qe2 Qd7 25. h3 Qe8 26. Qe4 Rd8 27. Qb7+ Qd7 28. Qe4 Qd6 29. a4 a5 30. Qh4 h6 31. Qg3 g5 32. Qf3 Rdf8 33. Qb7+ Bd7 34. Bf5 Rd8 35. Bd3 Rc8 36. Qf3 Bc6 37. Qf5 Rcf8 38. Rfe2 Bd7 39. Qf2 h5 40. Rd1 Be6 41. Rf1 f5 42. Qg3 e4 43. Qxg5+ Kd7 44. Bb5+ Kc8 45. Qd2 Qb6 46. Kh1 e3 47. Qd3 Qc5 48. Rc1 Rd8 49. Ree1 Kb7 50. c3 f4 51. cxd4 Qxd4 52. Ba6+ Ka8 53. Qb5 Qd5 54. Qxd5+ Rxd5 55. Bc4 Re5 56. Rc3 h4 57. Be2 Rd8 58. Kg1 Rd2 59. Bc4 Bc8 60. Rd3 Bb7 61. Re2 Rxd3 62. Bxd3 Rd5 63. Bc2 Rd2 64. Rxd2 exd2 65. Kf2 Kb8 66. Bd1 Bd5 67. Ke2 Bxg2 68. Kxd2 Bxh3 69. Bf3 Be6 70. Kc3 Kc7 71. b4 Kb6 72. bxa5+ Kxa5 73. Kd4 Kxa4 74. Ke4 Kb4 75. Kxf4 1/2-1/2